نداء الغابة / (Record no. 99622)

MARC details
000 -LEADER
fixed length control field 00498nam a22001817a 4500
005 - DATE AND TIME OF LATEST TRANSACTION
control field 20251108173243.0
008 - FIXED-LENGTH DATA ELEMENTS--GENERAL INFORMATION
fixed length control field 250721s9999 xx 000 0 ara d
082 14 - DEWEY DECIMAL CLASSIFICATION NUMBER
Classification number ط/ق/لند
100 1# - MAIN ENTRY--PERSONAL NAME
Personal name لندن، جاك
245 10 - TITLE STATEMENT
Title نداء الغابة /
264 1# - PRODUCTION, PUBLICATION, DISTRIBUTION, MANUFACTURE, AND COPYRIGHT NOTICE
Place of production, publication, distribution, manufacture دمشق :
Name of producer, publisher, distributor, manufacturer دار ربيع للنشر،
300 ## - PHYSICAL DESCRIPTION
Extent 189ص
650 17 - SUBJECT ADDED ENTRY--TOPICAL TERM
Topical term or geographic name as entry element الروايات
653 ## - INDEX TERM--UNCONTROLLED
Uncontrolled term ناشاون صغار (10-14) سنه
700 1# - ADDED ENTRY--PERSONAL NAME
Personal name خشفه، محمد نديم
942 ## - ADDED ENTRY ELEMENTS (KOHA)
Source of classification or shelving scheme Dewey Decimal Classification
Koha item type Books
Holdings
حالة السحب حالة الفقدان مصدر التصنيف حالة التلف غير قابل للإعارة المكتبة الرئيسية المكتبة الحالية موقع الرف تاريخ التزويد الرقم المتسلسل Total Checkouts رقم الإستدعاء الباركود تاريخ آخر ظهور تاريخ الفاتورة نوع المادة (كوها)
    Dewey Decimal Classification     مكتبة قتيبة للأطفال مكتبة قتيبة للأطفال الأطفال 28/07/2025 893948   ط/ق/لند DUP-02_893948 28/07/2025 28/07/2025 Books
    Dewey Decimal Classification     مكتبة قتيبة للأطفال مكتبة قتيبة للأطفال الأطفال 28/07/2025 1011041   ط/ق/لند 1011041 28/07/2025 28/07/2025 Books
    Dewey Decimal Classification     مكتبة البيادر مكتبة البيادر الأطفال 28/10/2008 1011056   ط/ق/لند PLD00047402 28/07/2025 28/10/2008 Books
    Dewey Decimal Classification     مكتبة البيادر مكتبة البيادر الأطفال 28/10/2008 1010475   ط/ق/لند PLD00047404 28/07/2025 28/10/2008 Books
    Dewey Decimal Classification     مكتبة الياسمين للأطفال مكتبة الياسمين للأطفال الأطفال 18/03/2014 565178   ط/ق/لند PLD00295314 28/07/2025 18/03/2014 Books
    Dewey Decimal Classification     مكتبة عدن للأطفال مكتبة عدن للأطفال الأطفال 28/07/2025 894965   ط/ق/لند 894965 28/07/2025 28/07/2025 Books
    Dewey Decimal Classification     مكتبة عدن للأطفال مكتبة عدن للأطفال الأطفال 16/03/2009 1011051   ط/ق/لند PLD00078568 28/07/2025 16/03/2009 Books
Implemented & Customized by: BBB with SCIT (Smart Chains for Information Technology)

Powered by Koha